书目信息 |
| 题名: |
时空数据模型原理与应用
|
|
| 作者: | 曹闻 编著 | |
| 分册: | ||
| 出版信息: | 北京 科学出版社 2022 |
|
| 页数: | 192页 | |
| 开本: | 24cm | |
| 丛书名: | ||
| 单 册: | ||
| 中图分类: | P208.2 , P208 | |
| 科图分类: | ||
| 主题词: | 空间信息系统--数据模型 | |
| 电子资源: | ||
| ISBN: | 978-7-03-072044-3 | |
| 000 | 01089nam0 2200241 450 | |
| 001 | 2255062910 | |
| 005 | 20220922151805.33 | |
| 010 | @a978-7-03-072044-3@dCNY79.00 | |
| 100 | @a20220606d2022 em y0chiy50 ea | |
| 101 | 0 | @achi |
| 102 | @aCN@b110000 | |
| 105 | @aab z 000yy | |
| 200 | 1 | @a时空数据模型原理与应用@9shi kong shu ju mo xing yuan li yu ying yong@f曹闻[等]编著 |
| 210 | @a北京@c科学出版社@d2022 | |
| 215 | @a192页@c图,照片,地图@d24cm | |
| 304 | @a编著者还有:朱述龙、张寅宝、王晓蕾 | |
| 330 | @a本书以传统时空数据模型为基础,通过引入马尔可夫链状态转移和时空粒度两个概念描述地理时空对象的时空演变,依据信息论、人工智能和大数据分析等技术理论设计了一种基于马尔可夫链的时空数据范式模型,进而围绕时空数据模型在智能交通系统和地理空间数据综合服务领域内的应用,揭示时空数据模型在时空大数据管理、处理、分析与应用等环节的理论价值和应用价值,从而满足跨学科、跨专业的服务需求,推动信息技术科学的发展。 | |
| 606 | 0 | @a空间信息系统@x数据模型 |
| 690 | @aP208.2@v5 | |
| 690 | @aP208@v4 | |
| 701 | 0 | @a曹闻@9cao wen@4编著 |
| 801 | 0 | @aCN@b91MARC@c20220616 |
| 905 | @aZUCC@dP208@e3 | |
| 时空数据模型原理与应用/曹闻[等]编著.-北京:科学出版社,2022 |
| 192页:图,照片,地图;24cm |
| ISBN 978-7-03-072044-3:CNY79.00 |
| 本书以传统时空数据模型为基础,通过引入马尔可夫链状态转移和时空粒度两个概念描述地理时空对象的时空演变,依据信息论、人工智能和大数据分析等技术理论设计了一种基于马尔可夫链的时空数据范式模型,进而围绕时空数据模型在智能交通系统和地理空间数据综合服务领域内的应用,揭示时空数据模型在时空大数据管理、处理、分析与应用等环节的理论价值和应用价值,从而满足跨学科、跨专业的服务需求,推动信息技术科学的发展。 |
| ● |
| 相关链接 |
|
|
|
正题名:时空数据模型原理与应用
索取号:P208/3
 
预约/预借
| 序号 | 登录号 | 条形码 | 馆藏地/架位号 | 状态 | 备注 |
| 1 | 2000902219 | 2000902219 | 第三书库/ [索取号:P208/3] | 在馆 | |
| 2 | 2000902220 | 2000902220 | 第三书库/ [索取号:P208/3] | 在馆 | |
| 3 | 2000902221 | 2000902221 | 第三书库/ [索取号:P208/3] | 在馆 |